Missing Word: Super Bowl Quiz Stats

 Plays Quiz Updated Feb 4, 2018

Challenge
Share
Tweet
Embed
Score 0/20 Timer 03:00
4 Plays Today
Hint Word % Correct
Winning TeamsGreen
99.2%
Winning TeamsEngland
98%
MVPsTom
96.9%
MVPsManning
96.8%
Winning TeamsSteelers
96.7%
Winning TeamsSeahawks
95.7%
Winning TeamsTampa
95.3%
Winning CoachesBill
88.6%
MVPsSmith
84.2%
Host StadiumsBowl
81.6%
Hint Word % Correct
Winning CoachesJohn
79.8%
MVPsRice
78.1%
Winning CoachesLombardi
75.6%
MVPsKurt
73.4%
Winning CoachesMike
59.1%
Host StadiumsSuperdome
58.7%
Host StadiumsSun
56.3%
Host StadiumsHubert
54.4%
Host StadiumsMiami
46%
Winning CoachesNoll
41.1%

Today's Daily Dose

You're not logged in!

Compare scores with friends on all Sporcle quizzes.
OR
Log In

You Might Also Like...

Show Comments

Extras

Top Quizzes Today


Score Distribution

Your Account Isn't Verified!

In order to create a playlist on Sporcle, you need to verify the email address you used during registration. Go to your Sporcle Settings to finish the process.

Report this User

Report this user for behavior that violates our Community Guidelines.

Details: